000 00711cam a2200229 a 4500
001 ca 26000059
003 DLC
005 20260227111116.0
008 830126s1924 ksuc 000 0 eng
010 _aca 26000059
040 _aDLC
_cDLC
_dDLC
050 0 0 _aPS3204
_b.C7
050 0 0 _aMicrofilm 78397 PS
051 _aAC1
_b.L8 no. 73
100 1 _aWhitman, Walt,
_d1819-1892.
240 1 0 _aPoems.
_kSelections
245 1 0 _aPoems of Walt Whitman /
_cedited, with an introduction and notes, by Nelson Antrim Crawford.
260 _aGirard, Kan. :
_bHaldeman-Julius Co.,
_cc1924.
300 _a96 p. :
_bport. ;
_c13 cm.
440 0 _aLittle blue book ;
_vno. 73
700 1 _aCrawford, Nelson Antrim,
_d1888-
999 _c16143
_d16143